<?xml version="1.0" encoding="UTF-8"?>
<marc:record xmlns:marc="http://www.loc.gov/MARC21/slim">
   <marc:leader>00000nam a2200000 a 4500</marc:leader>
   <marc:datafield ind1="1" ind2=" " tag="100">
      <marc:subfield code="a">Lunde, Maja</marc:subfield>
      <marc:subfield code="4">aut</marc:subfield>
      <marc:subfield code="e">Verfasser/-in</marc:subfield>
   </marc:datafield>
   <marc:datafield ind1="1" ind2=" " tag="100">
      <marc:subfield code="a">Allenstein, Ursel</marc:subfield>
      <marc:subfield code="4">trl</marc:subfield>
      <marc:subfield code="e">Übersetzer/-in</marc:subfield>
   </marc:datafield>
   <marc:datafield ind1=" " ind2=" " tag="653">
      <marc:subfield code="a">Norwegische Literatur</marc:subfield>
   </marc:datafield>
   <marc:datafield ind1=" " ind2=" " tag="653">
      <marc:subfield code="a">Roman</marc:subfield>
   </marc:datafield>
   <marc:datafield ind1="0" ind2="0" tag="245">
      <marc:subfield code="a">Die Geschichte des Wassers</marc:subfield>
   </marc:datafield>
   <marc:datafield ind1="0" ind2="0" tag="245">
      <marc:subfield code="b">Roman</marc:subfield>
   </marc:datafield>
   <marc:datafield ind1="0" ind2="0" tag="245">
      <marc:subfield code="c">Maja Lunde. Aus dem Norweg. von Ursel Allenstein</marc:subfield>
   </marc:datafield>
   <marc:datafield ind1=" " ind2="1" tag="264">
      <marc:subfield code="a">München</marc:subfield>
      <marc:subfield code="b">btb</marc:subfield>
      <marc:subfield code="c">2018</marc:subfield>
   </marc:datafield>
   <marc:datafield ind1=" " ind2=" " tag="250">
      <marc:subfield code="a">1. Aufl.</marc:subfield>
   </marc:datafield>
   <marc:datafield ind1="1" ind2=" " tag="520">
      <marc:subfield code="a">Angaben aus der Verlagsmeldung &lt;br/&gt; &lt;br/&gt;Norwegen, 2017. Die fast 70-jährige Umweltaktivistin Signe begibt sich auf eine riskante Reise: Mit einem Segelboot versucht sie die französische Küste zu erreichen. An Bord eine Fracht, die das Schicksal des blauen Planeten verändern kann.&lt;br/&gt; &lt;br/&gt;Frankreich, 2041. Eine große Dürre zwingt die Menschen Südeuropas zur Flucht in den Norden, es ist längst nicht genug Trinkwasser für alle da. Doch bei dem jungen Vater David und seiner Tochter Lou keimt Hoffnung auf, als sie in einem vertrockneten Garten ein uraltes Segelboot entdecken. Signes Segelboot.&lt;br/&gt;&lt;br/&gt; Virtuos verknüpft Maja Lunde das Leben und Lieben der Menschen mit dem, woraus alles Leben gemacht ist: dem Wasser. Ihr neuer Roman ist eine Feier des Wassers in seiner elementaren Kraft und ergreifende Warnung vor seiner Endlichkeit.</marc:subfield>
   </marc:datafield>
   <marc:datafield ind1=" " ind2=" " tag="020">
      <marc:subfield code="a">9783442757749</marc:subfield>
      <marc:subfield code="9">9783442757749</marc:subfield>
   </marc:datafield>
   <marc:datafield ind1=" " ind2=" " tag="041">
      <marc:subfield code="a">ger</marc:subfield>
   </marc:datafield>
   <marc:datafield ind1=" " ind2=" " tag="300">
      <marc:subfield code="a">479 S.</marc:subfield>
   </marc:datafield>
</marc:record>
